Estǹdares Internacionales de Contabilidad

Detalles Bibliográficos
Autor principal: Rincn̤ Soto, Carlos Augusto
Otros Autores: Grajales Londoǫ, Gherson
Formato: eBook
Lenguaje:español
Publicado: Bogot ̀: Ediciones de la U, 2012
Materias:
Acceso en línea:http://www.vlex.com/source/9102

MARC

LEADER 00000nam a22000007a 4500
005 20130327143959.0
007 cr|||| ||||
008 130327e2012 ck |||||s|||| 00||0 spa d
020 |a 978-958-762-044-3 
035 |a 9102 
040 |a vLex 
090 |c 4056  |d 4056 
100 1 0 |a Rincn̤ Soto, Carlos Augusto  
245 1 0 |a Estǹdares Internacionales de Contabilidad  |c / Carlos Augusto Rincn̤ Soto, Gherson Grajales Londoǫ   |h [Recurso electrn̤ico] 
256 |a Servicio en ln̕ea 
260 |a Bogot ̀:  |b Ediciones de la U,   |c 2012  
300 |a 1 Recurso electrn̤ico 
506 |d vLex Global  |d vLex Global (Academic Edition, excluding Law Schools)  |d vLex Global (U.S. Academic Edition, Law Schools)  |d vLex Global (U.S. Academic Edition, excluding Law Schools)  |d vLex Global (Academic Edition, Law Schools) 
650 0 4 |a Contabilidad 
700 1 0 |a Grajales Londoǫ, Gherson 
740 |a vLex Libros (Servicio en ln̕ea) 
856 |a Acceso restringido  |u http://www.vlex.com/source/9102 
942 |c BOOK 
999 0 |a Accounting